Corporate Logos by Description Quiz Stats

Quiz Updated Jan 9, 2015

Challenge
Share
Tweet
Embed
Score 0/18 Timer 02:00
8 Plays Today
% Correct
Yahoo
92.2%
Facebook
90.7%
Playboy
90.3%
Nike
90.2%
Gatorade
87.3%
Audi
82.4%
Starbucks
81.5%
Wikipedia
80.8%
Pepsi
76.6%
% Correct
Amazon
71%
Allstate
66.1%
AT&T
64.9%
Merrill Lynch
61%
Goodyear
58.3%
Prudential
57.2%
Abercrombie and Fitch
54.6%
Quiksilver
52.3%
United Airlines
41.5%

You're not logged in!

Compare scores with friends on all Sporcle quizzes.
Sign Up with Email
OR
Log In

You Might Also Like...

Show Comments

Extras

Top Quizzes Today


Score Distribution

Your Account Isn't Verified!

In order to create a playlist on Sporcle, you need to verify the email address you used during registration. Go to your Sporcle Settings to finish the process.